| 000 | 00373nam a2200145Ia 4500 | ||
|---|---|---|---|
| 008 | 230917s9999||||xx |||||||||||||| ||und|| | ||
| 040 |
_e123628 _aMAIN |
||
| 041 | _aEnglish | ||
| 082 | _a641.94 S64E | ||
| 100 | _aSingh, D K | ||
| 245 | 0 | _aEconomics of hotel and hospitality management | |
| 260 |
_aNew Delhi _bAman Publications _c2007 |
||
| 300 | _a294 p. | ||
| 942 | _cBK | ||
| 999 |
_c144183 _d144183 |
||